| 000 | 00893nam a22003017a 4500 | ||
|---|---|---|---|
| 003 | CHAP | ||
| 005 | 20220329134247.0 | ||
| 008 | 971013s1945 r 00010 d | ||
| 010 | _a17759 | ||
| 011 | _a18731 | ||
| 035 | _a22816 | ||
| 040 | _cCHAP | ||
| 082 |
_a635.3 _bJ35 |
||
| 100 | 0 | 0 |
_aJones, Mack Marquis. _962049 |
| 245 | _aShopwork on the farm | ||
| 260 |
_aNew York : _bMcGraw-Hill, _c1945 |
||
| 300 |
_a486 p. _b: ilus |
||
| 590 |
_aBATCH-UPD _b10 _c20130109 _lUCH01 _h2350 |
||
| 590 |
_aBATCH-UPD _b10 _c20130110 _lUCH01 _h1956 |
||
| 590 |
_aBATCH-UPD _b10 _c20130410 _lUCH01 _h1317 |
||
| 590 |
_aBATCH-UPD _b10 _c20130914 _lUCH01 _h1639 |
||
| 590 |
_aCONVERSION _b10 _c20130109 _lUCH01 _h1311 |
||
| 650 | 1 | 4 |
_aIngeniería agrícola. _958196 |
| 650 | 1 | 4 |
_aMaquinaria agrícola. _971151 |
| 901 | _aBK | ||
| 942 | _cLIBRO | ||
| 949 |
_a635.3 J35 _bBC _cBPA _d-53269 _eBPA _h20743 _i22816 _mD _si |
||
| 999 |
_c17759 _d17759 |
||